000 00213 a2200097 4500
001 90170
082 _a030 PAR
090 _c42513
_d42513
245 _aChildren Illustrated Thesaurus
260 _auk
_bParragon
_c2006
942 _aNUST-CAE
_k030 PAR
999 _c325243
_d325243